| 000 | 00415ntaaa2200169 4500 | ||
|---|---|---|---|
| 003 | 01 | ||
| 005 | 20251027202710.0 | ||
| 008 | 0714s1973 ag 01 | ||
| 040 |
_aAR-BaBN _bspa _cAR-BaBN _eaacr _dRIC |
||
| 082 | _a492.7000 Ab2 | ||
| 100 |
_aAbboud, Ahmed _926685 |
||
| 245 | _aLibro de lectura Arábigo-Español | ||
| 250 | _a1 ed. | ||
| 260 |
_as.l. : _bArábigo, _cc1946 |
||
| 650 |
_aarábigo _926686 |
||
| 942 | _cBK | ||
| 999 |
_c22168 _d22168 |
||